Bread and pastry / (Record no. 2527)

MARC details
000 -LEADER
fixed length control field 00507nam a22001817a 4500
005 - DATE AND TIME OF LATEST TRANSACTION
control field 20260219080341.0
008 - FIXED-LENGTH DATA ELEMENTS--GENERAL INFORMATION
fixed length control field 260219b |||||||| |||| 00| 0 eng d
020 ## - INTERNATIONAL STANDARD BOOK NUMBER
International Standard Book Number 978-621-8179-53-0
082 ## - DEWEY DECIMAL CLASSIFICATION NUMBER
Classification number Fil. 641.815 A657 2023
100 ## - MAIN ENTRY--PERSONAL NAME
Personal name Aquino, Karol
9 (RLIN) 289
245 ## - TITLE STATEMENT
Title Bread and pastry /
Statement of responsibility, etc. Karol Aquino
260 ## - PUBLICATION, DISTRIBUTION, ETC.
Place of publication, distribution, etc. Manila:
Name of publisher, distributor, etc. EDRIC Publishing House,
Date of publication, distribution, etc. c2023
300 ## - PHYSICAL DESCRIPTION
Extent 110p.:
Other physical details ill.
504 ## - BIBLIOGRAPHY, ETC. NOTE
Bibliography, etc. note Includes bibliographies
541 ## - IMMEDIATE SOURCE OF ACQUISITION NOTE
Accession number 7930 c.1, 7931 c.2
650 ## - SUBJECT ADDED ENTRY--TOPICAL TERM
Topical term or geographic name entry element Bread
9 (RLIN) 290
650 ## - SUBJECT ADDED ENTRY--TOPICAL TERM
Topical term or geographic name entry element Pastry
9 (RLIN) 291
Holdings
Withdrawn status Lost status Source of classification or shelving scheme Damaged status Not for loan Home library Current library Date acquired Total Checkouts Full call number Barcode Date last seen Copy number Price effective from Koha item type
    Dewey Decimal Classification     ctu-moalboal ctu-moalboal 06/20/2024   Fil. 641.815 Aq657 2023 7930 02/19/2026 1 02/19/2026 Books-Filipiniana
    Dewey Decimal Classification     ctu-moalboal ctu-moalboal 06/20/2024   Fil. 641.815 Aq657 2023 7931 02/19/2026 2 02/19/2026 Books-Filipiniana